1674 1795 1832 1786 1347 1824 1531 1889 1923 1845 1079 1743 1614 1376 1156 1827 1472 1589 1935 1720 1352 1420 1932 1850 1872 1841 1748 1278 1457 1166 1322 1444 1615 1098 1407 1832 1362 1642 1561 1147 1186 1385 1572 1294 1317 1644 1454 1434 1120 1618 1351 1287 1702 1006 1420 1696 1142 1540 1744 1744 1295 1700 1475 1818 1667 1123 1886 1730 1339 1851 1890 1366 1628 1747 1741 1432 1878 1786 1265 1950 1039 1949 1484 1513 1415 1583 1911 1337 1856 1911 1574 1633 1474 1806 1021 1672 1829 1987 1299 BCNSPRNW ULIB Ver.6.0+V

เปลี่ยนเป็นภาษาไทย

Change to English
 แสดงรายละเอียดบรรณานุกรม
  กลับหน้าหลัก

Brief Record : Get Marc (ISO 2709) : E-mail record : QR code < ปิดหน้าต่าง
LEADER : 00000nam 2200000uu 4500
001    13399122127
003     ULIB
008    020711s2553 th a 000 0 tha d
020    9786165080897
099    น.ก282ช
100    กฤษณา อโศกสิน
245    ชาวกรง
260    กรุงเทพฯ :^bแสงดาว,^c2553
300    424 หน้า
945    ^p280^l0^i028092
รายการนี้ยังไม่มีแท็ก
คุณยังไม่ได้ล็อกอิน คุณสามารถมีกิจกรรมร่วมกับเว็บไซต์ได้ แต่ต้องล็อกอินก่อน ::
  ล็อกอิน

รายการสื่อสารสนเทศ

ลำดับที่ ประเภท เลขเรียก/บาร์โค้ด สถานที่ สถานะ
1. นวนิยาย
นวนิยาย
น.ก282ช  
  Barcode: 028092
ห้องสมุดวิทยาเขตสวรรค์ประชารักษ์
►นวนิยาย
บนชั้น
  ขอยืม

รายการใกล้เคียง
    ผู้แต่ง [กฤษณา อโศกสิน]

BibComment


ยังไม่เคยถูกคอมเมนท์

คอมเมนท์ทรัพยากรรายการนี้
  คอมเมนท์: ชาวกรง


 Copyright 2026. Bcnsprnw @Library